Celebrites with doctorates Quiz Stats

 Plays Quiz not verified by Sporcle

Challenge
Share
Tweet
Embed
Score 0/17 Timer 05:00
0 Plays Today
Hint Answer % Correct
civil rights activist (1929-1968)Martin Luther King, Jr.
76.1%
actor (1937-) I spyBill Cosby
43.5%
actress (1975-) BlossomMayim Bialik
33.7%
musician (1947-) QueenBrian May
21.7%
basketball player (1972-) Orlando Magic*Shaquille O'Neal
19.6%
politician (1954-) 66 US Secretary of StateCondoleezza Rice
10.9%
actor (1932-) The Man from U.N.C.L.E.Robert Vaughn
8.7%
actor (1969-) The HangoverKen Jeong
7.6%
football player (1936-) Los Angeles Rams*Frank Ryan
6.5%
Hint Answer % Correct
actor (1947-) RobocopPeter Weller
6.5%
actor (1942-2008) Twin PeaksDon S. Davis
5.4%
actor (1923-2010) The Golden GirlsHarold Gould
4.3%
boxer (1971-) HeavyweightVitali Klitschko
4.3%
actor (1948-) NewheartWIlliam Sanderson
3.3%
author (1947-) Thinking in Pictures: Other Reports from My Life with AutismTemple Grandin
3.3%
singer (1963-) Descendent**Milo Aukerman
2.2%
musician (1964-) Bad Religion**Greg Graffin
1.1%

You're not logged in!

Compare scores with friends on all Sporcle quizzes.
OR
Log In

You Might Also Like...

Show Comments

Extras

Top Quizzes Today


Score Distribution

Your Account Isn't Verified!

In order to create a playlist on Sporcle, you need to verify the email address you used during registration. Go to your Sporcle Settings to finish the process.

Report this User

Report this user for behavior that violates our Community Guidelines.

Details: